| 000 | 00655nam a22002052 4500 | ||
|---|---|---|---|
| 001 | 0000007011 | ||
| 005 | 20151217155831.0 | ||
| 008 | 071107s xx 000 0 eng d | ||
| 020 |
_a9966874542 : _cKES 950 |
||
| 040 |
_aKABU _cKABU |
||
| 245 | 1 | 0 |
_aEnvironmental health for East Africa / _cGerald K. Rukunga, editor. |
| 260 |
_aNairobi : _bAMREF, _c2001. |
||
| 300 | _axii, 280 p. | ||
| 650 | 0 |
_aEnvironmental health _cAfrica, East. _@0000158024 |
|
| 650 | 0 |
_aPublic health _cAfrca, East. _@0000158025 |
|
| 700 | 1 |
_aRukunga, Gerald K. _@0000158026 |
|
| 908 | _a071107 | ||
| 950 | _@1 | ||
| 999 |
_c13036 _d13036 |
||